ALL Lyrics: Fickle McSelfish by Gerry Cinnamon - Statistics

General Stats
  • This quiz has been taken 6 times
  • The average score is 166 of 210
Answer Stats
Answer % Correct
a
100%
And
100%
and
100%
apart
100%
awake
100%
away?
100%
be
100%
been
100%
blues
100%
But
100%
by
100%
can
100%
come
100%
couple
100%
days
100%
distance
100%
even
100%
fickle
100%
for
100%
heart
100%
her
100%
how
100%
I
100%
Ignoring
100%
I'll
100%
illusion
100%
I'm
100%
in
100%
inside
100%
it
100%
it's
100%
I've
100%
keep
100%
lonely
100%
love
100%
morning
100%
my
100%
No
100%
not
100%
of
100%
on
100%
only
100%
pain
100%
selfish
100%
sleepy
100%
so
100%
stay
100%
take
100%
That
100%
that
100%
the
100%
up
100%
us
100%
Won't
100%
you
100%
Ain't
50%
beauty
50%
bullshit
50%
crying
50%
damned
50%
dead
50%
easy
50%
face
50%
feels
50%
find
50%
Fuck
50%
I'd
50%
if
50%
know
50%
like
50%
living
50%
matter
50%
notion
50%
other
50%
put
50%
rather
50%
said
50%
She
50%
she
50%
She'll
50%
stuff?
50%
tell
50%
Then
50%
time
50%
to
50%
tracks
50%
wakes
50%
wanna,
50%
was
50%
waste
50%
with
50%
without
50%
would
50%
your
50%
you're
50%
you've
50%
bit
0%
bled
0%
Did
0%
dying
0%
grabbed
0%
hair
0%
Hey,
0%
hey,
0%
hey
0%
lip
0%
reacting
0%
somebody
0%
think
0%
'til
0%
way
0%
You'd
0%
No matching quizzes found
Score Distribution
Percent of People with Each Score
Percentile by Number Answered
Your Score History
You have not taken this quiz